[Event "Lichtenberger Sommer 2018"]
[Site "?"]
[Date "2018.08.21"]
[Round "4.22"]
[White "Lehmkuhl, Stefan"]
[Black "Simon, Ralf-Axel"]
[Result "0-1"]
[WhiteElo "1892"]
[BlackElo "2149"]
[PlyCount "121"]
[EventDate "2018.??.??"]
[WhiteTeam "Breloher SC"]
[BlackTeam "SK Ricklingen"]

1. e3 g6 2. f4 Bg7 3. d4 c5 4. c3 Nf6 5. Nf3 O-O 6. Be2 b6 7. O-O Bb7 8. Qe1 e6
9. Ne5 d6 10. Bf3 Ne4 11. Ng4 Qe7 12. Nd2 Nxd2 13. Bxd2 f5 14. Bxb7 Qxb7 15.
Nf2 Nd7 16. Rd1 Rfe8 17. Bc1 d5 18. Nd3 Rec8 19. h4 Nf6 20. Qe2 Ne4 21. Rf3 Qc6
22. a3 h5 23. Kf1 Bf6 24. g3 Qb7 25. Kg2 a5 26. Rff1 Rcb8 27. Bd2 Qc6 28. Rfe1
Qd7 29. Rc1 Nd6 30. Rc2 Qe7 31. Rec1 c4 32. Nf2 b5 33. Be1 Ne8 34. Rb1 Qf8 35.
Nh3 Be7 36. Ng1 Rb6 37. Nf3 Bd6 38. Ng5 Qe7 39. Bf2 Nf6 40. Qe1 Ng4 41. Kf3 Rb7
42. Rcc1 Rb6 43. Rd1 Nf6 44. Rd2 Nd7 45. Rc1 Nb8 46. Kg2 Nc6 47. Kf3 Rab8 48.
Kg2 R8b7 49. Kf3 Qd7 50. Kg2 Kg7 51. Kf3 Kf6 52. Kg2 Rb8 53. Kf3 Kg7 54. Kg2
R6b7 55. Kf3 Be7 56. Qd1 Bxg5 57. hxg5 Nd8 58. Be1 Nf7 59. Qe2 Nd6 60. Rb1 Ne4
61. Qh2 0-1

[Event "Lichtenberger Sommer 2018"]
[Site "?"]
[Date "2018.08.21"]
[Round "4.23"]
[White "Vogel, Robert"]
[Black "Bornschein, Burkhard"]
[Result "1-0"]
[WhiteElo "2134"]
[BlackElo "1971"]
[PlyCount "141"]
[EventDate "2018.??.??"]
[WhiteTeam "SG Pang-Rosenheim"]
[BlackTeam "BSC Rehberge"]

1. d4 d5 2. c4 c6 3. Nf3 Nf6 4. Nc3 e6 5. g3 Be7 6. Bg2 Nbd7 7. O-O O-O 8. b3
b6 9. Bb2 Bb7 10. Qc2 Rc8 11. Rfd1 Qc7 12. Rac1 Rfe8 13. Qb1 Qb8 14. e4 dxe4
15. Nxe4 Nxe4 16. Qxe4 Nf6 17. Qe2 c5 18. dxc5 Rxc5 19. Ne5 Bxg2 20. Kxg2 h6
21. Rd3 Rd8 22. Rxd8+ Qxd8 23. Rd1 Qa8+ 24. Qf3 Qe4 25. Qxe4 Nxe4 26. Rd7 Bf6
27. Nd3 Bxb2 28. Nxb2 Ra5 29. Na4 e5 30. Kf3 Ng5+ 31. Ke3 Kf8 32. Rb7 Ne6 33.
Kd2 Ke8 34. Nc3 Nd8 35. Rb8 Rc5 36. Ra8 Rc7 37. Nb5 Rd7+ 38. Ke3 a5 39. Rb8 Ke7
40. Rxb6 Rd1 41. Ra6 Re1+ 42. Kd2 Rf1 43. Ke2 Rc1 44. Rxa5 Nc6 45. Ra8 Rc2+ 46.
Ke3 f5 47. h4 Rb2 48. Ra6 Nb4 49. Ra7+ Kf6 50. Nc3 Nc2+ 51. Ke2 Nd4+ 52. Kf1
Kg6 53. h5+ Kf6 54. Nd5+ Ke6 55. Rxg7 Rxa2 56. Rg6+ Kd7 57. Rxh6 Nxb3 58. Rf6
Nd2+ 59. Kg2 Nxc4 60. h6 Ra8 61. h7 Rh8 62. Rg6 Nd6 63. Kf3 Nf7 64. Ke3 Nd6 65.
f3 Nc4+ 66. Kd3 Nd6 67. g4 fxg4 68. fxg4 Nf7 69. g5 Nd6 70. Rg8 Nf7 71. g6 1-0

[Event "Lichtenberger Sommer 2018"]
[Site "?"]
[Date "2018.08.21"]
[Round "4.24"]
[White "Meyer-Dunker, Paul"]
[Black "Krieger, Fabian"]
[Result "0-1"]
[WhiteElo "2017"]
[BlackElo "1936"]
[PlyCount "38"]
[EventDate "2018.??.??"]
[WhiteTeam "SC Friesen Lichtenberg"]
[BlackTeam "SV Mattnetz Berlin"]

1. e4 Nf6 2. e5 Nd5 3. d4 d6 4. c4 Nb6 5. exd6 exd6 6. Nc3 Nc6 7. b3 Bf5 8. Bb2
Nb4 9. Qe2+ Be7 10. O-O-O O-O 11. f4 Bf6 12. g4 Re8 13. Qg2 Bc2 14. Rd2 Re1+
15. Nd1 Be4 16. Bc3 Bxg2 17. Bxg2 c5 18. g5 Bxd4 19. Rxd4 Nxa2+ 0-1

[Event "Lichtenberger Sommer 2018"]
[Site "?"]
[Date "2018.08.21"]
[Round "4.25"]
[White "Bruening, Wolfgang"]
[Black "Freundorfer, Josef"]
[Result "0-1"]
[WhiteElo "1841"]
[BlackElo "2147"]
[PlyCount "66"]
[EventDate "2018.??.??"]
[WhiteTeam "vereinslos"]
[BlackTeam "MTV Ingolstadt"]

1. Nf3 Nf6 2. d4 g6 3. Nc3 d5 4. Bf4 c6 5. e3 Bg7 6. Bd3 O-O 7. Qd2 Nbd7 8. h3
a5 9. a4 Re8 10. g4 Nb6 11. Ne5 Nfd7 12. Nxd7 Bxd7 13. f3 f6 14. h4 e6 15. g5
e5 16. dxe5 fxe5 17. Bg3 d4 18. Ne4 Nd5 19. exd4 exd4 20. Bc4 Bf5 21. Bd3 Ne3
22. Bf4 Qb6 23. Kf2 Rf8 24. Bd6 Rf7 25. Bc5 Qc7 26. Nd6 Bg4 27. Nxf7 Qxf7 28.
Be4 Rd8 29. Qxa5 Re8 30. Rhg1 Rxe4 31. Rg3 Re8 32. Re1 Be5 33. Rxg4 Nxg4+ 0-1

[Event "Lichtenberger Sommer 2018"]
[Site "?"]
[Date "2018.08.21"]
[Round "4.26"]
[White "Stark, Ingo"]
[Black "Jecht, Christian"]
[Result "1-0"]
[WhiteElo "2107"]
[BlackElo "1914"]
[PlyCount "47"]
[EventDate "2018.??.??"]
[WhiteTeam "TSG Oberschöneweide"]
[BlackTeam "SC Bavaria Regensburg von 1881"]

1. e4 e5 2. Nf3 Nc6 3. Bb5 Nf6 4. O-O Nxe4 5. Re1 Nd6 6. Nxe5 Nxe5 7. Rxe5+ Be7
8. Nc3 O-O 9. Bd3 Bf6 10. Re3 g6 11. Qf3 Re8 12. b3 Rxe3 13. fxe3 Ne8 14. Ba3
c6 15. Rf1 d5 16. Ne2 Be6 17. Nf4 Qd7 18. e4 Bd4+ 19. Kh1 Bg4 20. Qg3 Nf6 21.
exd5 Nxd5 22. Nxd5 cxd5 23. Rf4 Be5 24. Qxg4 1-0

[Event "Lichtenberger Sommer 2018"]
[Site "?"]
[Date "2018.08.21"]
[Round "4.27"]
[White "Segerberg, Tomas"]
[Black "Matitschka, Heinz"]
[Result "0-1"]
[WhiteElo "2101"]
[BlackElo "1938"]
[PlyCount "64"]
[EventDate "2018.??.??"]
[WhiteTeam "SG NARVA Berlin"]
[BlackTeam "TSG Oberschöneweide"]

1. e4 e6 2. d4 d5 3. Nd2 Nf6 4. e5 Nfd7 5. Bd3 c5 6. c3 Nc6 7. Ne2 cxd4 8. cxd4
f6 9. Nf4 Nxd4 10. Qh5+ Ke7 11. exf6+ Nxf6 12. Ng6+ hxg6 13. Qxh8 Kf7 14. Qh4
e5 15. O-O e4 16. Bb1 Bd6 17. f3 Qb6 18. Kh1 Nf5 19. Qe1 Ng3+ 20. hxg3 Bf5 21.
Rf2 Rh8+ 22. Kg1 e3 23. Ne4 exf2+ 24. Qxf2 dxe4 25. Be3 Qc7 26. g4 Bh2+ 27. Kf1
Qc4+ 28. Ke1 Bg3 29. Qxg3 Rh1+ 30. Kd2 Qc1+ 31. Ke2 Qd1+ 32. Kf2 Qe1# 0-1

[Event "Lichtenberger Sommer 2018"]
[Site "?"]
[Date "2018.08.21"]
[Round "4.28"]
[White "Bender, Sebastian"]
[Black "Groß, Thorsten"]
[Result "0-1"]
[WhiteElo "1896"]
[BlackElo "2170"]
[PlyCount "60"]
[EventDate "2018.??.??"]
[WhiteTeam "SC Zugzwang 95 (Berlin)"]
[BlackTeam "SC Weisse Dame (Berlin)"]

1. e4 c6 2. d4 d5 3. exd5 cxd5 4. c4 Nf6 5. Nc3 e6 6. Nf3 Be7 7. cxd5 Nxd5 8.
Bd3 O-O 9. O-O Nc6 10. Re1 Ncb4 11. Bb1 b6 12. a3 Nxc3 13. bxc3 Nd5 14. Qd3 Nf6
15. Bg5 g6 16. Ne5 Bb7 17. Qh3 Nh5 18. Nxg6 hxg6 19. Bxg6 Bxg5 20. Qxh5 Kg7 21.
Qh7+ Kf6 22. f4 Ke7 23. fxg5 Bxg2 24. Kxg2 Qd5+ 25. Be4 Qxg5+ 26. Kh1 Rh8 27.
Rg1 Qd2 28. Rg2 Qxc3 29. Qg7 Rag8 30. Qxh8 Qxa1+ 0-1

[Event "Lichtenberger Sommer 2018"]
[Site "?"]
[Date "2018.08.21"]
[Round "4.29"]
[White "Jeremic, Dusan"]
[Black "Strehlow, Horst"]
[Result "0-1"]
[WhiteElo "2123"]
[BlackElo "1981"]
[PlyCount "83"]
[EventDate "2018.??.??"]
[WhiteTeam "SF 1903 Berlin"]
[BlackTeam "SG TT/WiHeil"]

1. e4 e6 2. d4 d5 3. Nc3 Nf6 4. exd5 Nxd5 5. Ne4 Be7 6. Bd3 Nd7 7. Nf3 O-O 8.
O-O b6 9. c4 N5f6 10. b3 Bb7 11. Ng3 c5 12. Bb2 cxd4 13. Nxd4 Nc5 14. Bc2 Qc8
15. Qe2 Re8 16. Rad1 a6 17. Rfe1 Bf8 18. Nf3 Ncd7 19. Ne5 Nxe5 20. Bxe5 Be7 21.
Rd4 Qc6 22. Ne4 Nd7 23. Rxd7 Qxd7 24. Qg4 g6 25. Nf6+ Bxf6 26. Bxf6 Qd2 27. Qd1
Qxd1 28. Rxd1 Bc6 29. Rd6 Rac8 30. f4 b5 31. c5 b4 32. Bd3 Bb7 33. Rb6 Bd5 34.
Bxa6 Rxc5 35. Rxb4 Rc1+ 36. Bf1 Rec8 37. Rb6 h6 38. g4 g5 39. fxg5 hxg5 40.
Bxg5 Ra1 41. a4 Rc3 42. Bf6 0-1

[Event "Lichtenberger Sommer 2018"]
[Site "?"]
[Date "2018.08.21"]
[Round "4.30"]
[White "Elsing, Jan"]
[Black "Guder, Sibylle"]
[Result "1-0"]
[WhiteElo "2129"]
[BlackElo "1794"]
[PlyCount "113"]
[EventDate "2018.??.??"]
[WhiteTeam "SC Friesen Lichtenberg"]
[BlackTeam "SF 1903 Berlin"]

1. c4 e6 2. Nc3 d5 3. d4 Nf6 4. cxd5 exd5 5. Bg5 c6 6. e3 Bf5 7. Nge2 Be7 8.
Ng3 Bg6 9. Bd3 Bxd3 10. Qxd3 h6 11. Bxf6 Bxf6 12. O-O-O O-O 13. Nf5 Na6 14. h4
Qa5 15. Kb1 Nb4 16. Qd2 c5 17. g4 cxd4 18. exd4 Bd8 19. Ne3 Rc8 20. a3 Nc6 21.
Ncxd5 Qxd2 22. Rxd2 Re8 23. Nf5 Bc7 24. b4 Kf8 25. Nxc7 Rxc7 26. Rc1 Rd7 27. b5
Ne5 28. Re2 Nxg4 29. Rxe8+ Kxe8 30. Rc8+ Rd8 31. Nxg7+ Ke7 32. Rxd8 Kxd8 33.
Nf5 Nxf2 34. Nxh6 Ke7 35. Nf5+ Ke6 36. Ne3 Ne4 37. Kc2 Nd6 38. a4 a6 39. bxa6
bxa6 40. Kd3 f5 41. Ng2 Kd5 42. Nf4+ Kc6 43. h5 Nf7 44. Kc4 a5 45. d5+ Kb6 46.
Kd4 Kc7 47. Kc5 Kd7 48. Ng6 Kc7 49. Nf8 Kd8 50. Kc6 Ke7 51. Ng6+ Kf6 52. d6 Kg5
53. d7 Kxh5 54. Nf4+ Kg4 55. Nd3 f4 56. Kb5 Kf3 57. Ne5+ 1-0

[Event "Lichtenberger Sommer 2018"]
[Site "?"]
[Date "2018.08.21"]
[Round "4.31"]
[White "Bauder, Herbert"]
[Black "Dathe, Frederick"]
[Result "1/2-1/2"]
[WhiteElo "1886"]
[BlackElo "2007"]
[PlyCount "47"]
[EventDate "2018.??.??"]
[WhiteTeam "Lasker Steglitz-Wilmersdorf"]
[BlackTeam "SC Kreuzberg"]

1. d4 Nf6 2. Nf3 g6 3. c4 c5 4. d5 b5 5. cxb5 a6 6. e3 Bg7 7. Nc3 O-O 8. bxa6
Bxa6 9. Bxa6 Nxa6 10. O-O d6 11. e4 Qb6 12. Rb1 h6 13. a3 Nd7 14. Be3 Qa5 15.
Qc1 Kh7 16. Nd2 Nc7 17. Nc4 Qa6 18. b3 Rfb8 19. a4 Nb6 20. Nxb6 Rxb6 21. Qc2
Rab8 22. Na2 R6b7 23. Rfd1 Ne8 24. h3 1/2-1/2

[Event "Lichtenberger Sommer 2018"]
[Site "?"]
[Date "2018.08.21"]
[Round "4.32"]
[White "Kröncke, Manfred"]
[Black "Lichii, Elizaveta"]
[Result "1-0"]
[WhiteElo "2027"]
[BlackElo "1807"]
[PlyCount "95"]
[EventDate "2018.??.??"]
[WhiteTeam "SG Glückstadt"]
[BlackTeam "vereinslos"]

1. e4 c5 2. Nf3 e6 3. d3 Nc6 4. g3 g6 5. Bg2 Bg7 6. O-O Nge7 7. Re1 e5 8. c3 d6
9. Be3 O-O 10. a4 Kh8 11. Qc1 Ng8 12. Nbd2 Nf6 13. h3 b6 14. Nc4 Ba6 15. b3 Rb8
16. Bf1 Re8 17. Bh6 Kg8 18. Bxg7 Kxg7 19. Qc2 Bc8 20. Bg2 h6 21. Ne3 Be6 22.
Qb2 a5 23. d4 Bd7 24. Rad1 Rb7 25. Nc4 cxd4 26. Nxd6 dxc3 27. Qxc3 Rc7 28.
Nxe8+ Qxe8 29. Rc1 Rc8 30. Qe3 Rb8 31. Bf1 Qe7 32. Red1 Rb7 33. Bb5 Nb4 34.
Bxd7 Nxd7 35. Nd2 Nc5 36. Nc4 Nba6 37. Rd5 f6 38. Kg2 Qc7 39. Nd6 Rb8 40. Nb5
Qe7 41. Rcd1 Nb4 42. Rd6 Rb7 43. Rc1 Rb8 44. Rxc5 bxc5 45. Qxc5 Rb7 46. Qc8 Kf7
47. Rd8 g5 48. Nd6+ 1-0

[Event "Lichtenberger Sommer 2018"]
[Site "?"]
[Date "2018.08.21"]
[Round "4.34"]
[White "Hahlbohm, Matthias"]
[Black "Otter, Nils"]
[Result "1-0"]
[WhiteElo "2112"]
[BlackElo "1723"]
[PlyCount "87"]
[EventDate "2018.??.??"]
[WhiteTeam "TSG Oberschöneweide"]
[BlackTeam "SC Kreuzberg"]

1. e4 c5 2. Nf3 Nc6 3. Nc3 e5 4. Bc4 Be7 5. d3 Nf6 6. O-O O-O 7. h3 d6 8. Bg5
h6 9. Bxf6 Bxf6 10. a3 Ne7 11. Nd5 Nxd5 12. Bxd5 Qe7 13. b4 Be6 14. c4 Bxd5 15.
cxd5 cxb4 16. axb4 Rfc8 17. Qb3 Bg5 18. Ra2 Rc7 19. Rc2 Rac8 20. Rxc7 Qxc7 21.
h4 Bc1 22. Qa4 a6 23. d4 f6 24. dxe5 fxe5 25. h5 Bg5 26. Nxg5 hxg5 27. Qd1 Qf7
28. Qe2 Kh7 29. g3 Kh6 30. Kg2 Rc3 31. Rb1 Qd7 32. Qd1 Rc4 33. Qf3 g4 34. Qe2
b5 35. Ra1 Qc8 36. Rh1 Rc2 37. Qe3+ Kh7 38. h6 g6 39. Rh4 Qd7 40. Qd3 Qc8 41.
Qd1 Rc4 42. Rxg4 Rxb4 43. Qf3 Qd7 44. Qf6 1-0

[Event "Lichtenberger Sommer 2018"]
[Site "?"]
[Date "2018.08.21"]
[Round "4.35"]
[White "Böttcher, Patrick"]
[Black "Schönberger, Kay"]
[Result "1/2-1/2"]
[WhiteElo "2100"]
[BlackElo "1889"]
[PlyCount "54"]
[EventDate "2018.??.??"]
[WhiteTeam "SC Zitadelle Spandau"]
[BlackTeam "SV Koblenz"]

1. c4 Nf6 2. Nc3 g6 3. g3 Bg7 4. Bg2 O-O 5. e4 e5 6. Nge2 Nc6 7. d3 d6 8. O-O
Bg4 9. h3 Be6 10. Nd5 Nd4 11. Nxd4 exd4 12. Bg5 c6 13. Nxf6+ Bxf6 14. Bh6 Bg7
15. Bxg7 Kxg7 16. f4 Qd7 17. f5 gxf5 18. Qh5 fxe4 19. Qg5+ Kh8 20. Rf6 Rg8 21.
Qh4 e3 22. Qxd4 Rg7 23. Qxe3 Bxh3 24. Rh6 Bxg2 25. Kxg2 Rag8 26. Rh3 Qe6 27.
Qf2 Re8 1/2-1/2

[Event "Lichtenberger Sommer 2018"]
[Site "?"]
[Date "2018.08.21"]
[Round "4.36"]
[White "Schäfer, Heiko"]
[Black "Korell, Klaus-Peter"]
[Result "1-0"]
[WhiteElo "1978"]
[BlackElo "1847"]
[PlyCount "87"]
[EventDate "2018.??.??"]
[WhiteTeam "Potsdamer SV"]
[BlackTeam "SG TT/Wiheil"]

1. e4 e6 2. d4 d5 3. Nd2 c5 4. exd5 exd5 5. Ngf3 Nf6 6. Bb5+ Bd7 7. Bxd7+ Nbxd7
8. O-O Be7 9. dxc5 Nxc5 10. Nd4 O-O 11. Nf5 Re8 12. Nb3 Nxb3 13. Nxe7+ Rxe7 14.
axb3 h6 15. Be3 a6 16. Bd4 Re6 17. Re1 Rxe1+ 18. Qxe1 Qd6 19. Qe5 Qxe5 20. Bxe5
Nd7 21. Bd4 Rc8 22. c3 Nc5 23. Bxc5 Rxc5 24. b4 Rb5 25. Kf1 Kf8 26. Ke2 Ke7 27.
Kd3 Kd6 28. Kd4 f6 29. f4 g5 30. fxg5 fxg5 31. Ra5 Rb6 32. Rxd5+ Ke6 33. Re5+
Kf6 34. Rc5 Rd6+ 35. Rd5 Rc6 36. c4 Re6 37. Kd3 b6 38. c5 h5 39. h4 b5 40. Rd8
Re1 41. Rd6+ Re6 42. Kd4 Ke7 43. Rxe6+ Kxe6 44. b3 1-0

[Event "Lichtenberger Sommer 2018"]
[Site "?"]
[Date "2018.08.21"]
[Round "4.37"]
[White "Kapr, Klaus"]
[Black "Neuwald, Volker"]
[Result "1-0"]
[WhiteElo "1999"]
[BlackElo "1786"]
[PlyCount "62"]
[EventDate "2018.??.??"]
[WhiteTeam "SC Friesen Lichtenberg"]
[BlackTeam "SK Ottenau"]

1. e4 e6 2. d4 d5 3. Nc3 Bb4 4. Bd2 Bxc3 5. bxc3 dxe4 6. Qg4 Nf6 7. Qxg7 Rg8 8.
Qh6 Rg6 9. Qe3 Nc6 10. Ne2 Ne7 11. c4 Bd7 12. Nf4 Rg8 13. Bc3 Nf5 14. Qe2 Qe7
15. O-O-O O-O-O 16. g3 Bc6 17. Bg2 Rd7 18. Rd2 Rgd8 19. Rhd1 Nxd4 20. Rxd4 Rxd4
21. Rxd4 Rxd4 22. Bxd4 e5 23. Bh3+ Kb8 24. Bb2 exf4 25. gxf4 a6 26. Qe3 Nd7 27.
Bf5 h5 28. Qh3 Qd6 29. Qxh5 Qxf4+ 30. Kb1 Qxf2 31. Qh8+ Ka7 1-0

[Event "Lichtenberger Sommer 2018"]
[Site "?"]
[Date "2018.08.21"]
[Round "4.38"]
[White "Hoffmann, Rainer"]
[Black "Bonnez, Finn"]
[Result "1/2-1/2"]
[WhiteElo "1950"]
[BlackElo "1946"]
[PlyCount "72"]
[EventDate "2018.??.??"]
[WhiteTeam "SV Oberkrämer"]
[BlackTeam "Norrebro Chessclub"]

1. c4 e5 2. Nc3 Nc6 3. g3 g6 4. Bg2 Bg7 5. e3 Nge7 6. d3 O-O 7. Nge2 d6 8. O-O
Be6 9. Nd5 Qd7 10. Re1 Nd8 11. Nxe7+ Qxe7 12. Nc3 c6 13. b3 f5 14. Rb1 Nf7 15.
Bb2 Rad8 16. Qc1 Nh6 17. d4 Bc8 18. dxe5 Bxe5 19. f4 Bg7 20. h3 Qc7 21. Kh2 Nf7
22. e4 Rfe8 23. Qd2 Re7 24. exf5 gxf5 25. Rxe7 Qxe7 26. Re1 Qf8 27. Re2 Bd7 28.
Nd1 Re8 29. Bxg7 Rxe2 30. Qxe2 Kxg7 31. Qf2 a6 32. Qb6 Bc8 33. Ne3 Qd8 34. Qd4+
Qf6 35. Qb6 Qd8 36. Qd4+ Qf6 1/2-1/2

[Event "Lichtenberger Sommer 2018"]
[Site "?"]
[Date "2018.08.21"]
[Round "4.39"]
[White "Namestnikov, Boris"]
[Black "Kutschke, Jens"]
[Result "1/2-1/2"]
[WhiteElo "1916"]
[BlackElo "1984"]
[PlyCount "60"]
[EventDate "2018.??.??"]
[WhiteTeam "SK Zehlendorf"]
[BlackTeam "SF 1903 Berlin"]

1. e4 e6 2. d4 d5 3. Nd2 Nf6 4. e5 Nfd7 5. Bd3 c5 6. c3 Nc6 7. Ngf3 cxd4 8.
cxd4 Qb6 9. O-O Nxd4 10. Nxd4 Qxd4 11. Nf3 Qb6 12. Qa4 Be7 13. Qg4 O-O 14. Bh6
g6 15. Bxf8 Bxf8 16. Qf4 Nc5 17. Ng5 Qc7 18. Rac1 Qd7 19. Bb5 Qe7 20. Rxc5 h6
21. Qxf7+ Qxf7 22. Nxf7 Bxc5 23. Nxh6+ Kg7 24. Ng4 a6 25. Bd3 Bd7 26. Rc1 Bb6
27. g3 Rf8 28. Kg2 Bc6 29. f4 a5 30. h4 a4 1/2-1/2

[Event "Lichtenberger Sommer 2018"]
[Site "?"]
[Date "2018.08.21"]
[Round "4.40"]
[White "Deutschbein, Christopher"]
[Black "Kromer, Thomas"]
[Result "1-0"]
[WhiteElo "1990"]
[BlackElo "1839"]
[PlyCount "103"]
[EventDate "2018.??.??"]
[WhiteTeam "Eckernförder SC"]
[BlackTeam "SF Riedlingen"]

1. e4 e5 2. Nf3 Nc6 3. Bc4 Nf6 4. d3 Be7 5. O-O O-O 6. Re1 d6 7. a4 Bg4 8. c3
Na5 9. Ba2 c5 10. h3 Be6 11. Bxe6 fxe6 12. b4 cxb4 13. cxb4 Nc6 14. Qb3 d5 15.
Bd2 Bxb4 16. Nxe5 Bxd2 17. Nxc6 bxc6 18. Nxd2 Rb8 19. Qc2 dxe4 20. Nxe4 Nxe4
21. Rxe4 Qf6 22. Ra2 e5 23. Qc4+ Kh8 24. Qc5 Rb1+ 25. Kh2 Rb3 26. Qxe5 Qxe5+
27. Rxe5 Rxd3 28. Re7 Rfd8 29. Rc2 R3d7 30. Rxd7 Rxd7 31. Rxc6 Kg8 32. g4 Rb7
33. Kg3 h6 34. a5 Rb5 35. Ra6 Rb7 36. Kf4 Rf7+ 37. Kg3 Rc7 38. Rd6 Rc5 39. Ra6
Rc7 40. h4 Kh7 41. f3 Rb7 42. h5 Rc7 43. Kf4 Rf7+ 44. Ke4 Re7+ 45. Kd5 Rf7 46.
Kc6 Rxf3 47. Rxa7 Rf4 48. Rb7 Rxg4 49. a6 Ra4 50. a7 Ra6+ 51. Kc7 g5 52. Kb8+
1-0

[Event "Lichtenberger Sommer 2018"]
[Site "?"]
[Date "2018.08.21"]
[Round "4.41"]
[White "Ziems, Michael"]
[Black "Eberlein, Johann"]
[Result "0-1"]
[WhiteElo "1813"]
[BlackElo "1936"]
[PlyCount "51"]
[EventDate "2018.??.??"]
[WhiteTeam "SV Empor Berlin"]
[BlackTeam "BSV 63 Chemie Weißensee"]

1. d4 d5 2. c4 e6 3. Nc3 Nf6 4. e3 c6 5. Qc2 Be7 6. Nf3 O-O 7. Ne5 Nbd7 8. Bd3
dxc4 9. Nxc4 h6 10. a3 a6 11. b4 Qc7 12. e4 e5 13. f4 exd4 14. Ne2 c5 15. Na5
b6 16. Nb3 Qd8 17. Bd2 Bb7 18. Rc1 Rc8 19. Qb1 Re8 20. Ng3 b5 21. bxc5 Nxc5 22.
Nxc5 Bxc5 23. a4 Nxe4 24. Nxe4 f5 25. O-O fxe4 26. Bb4 0-1

[Event "Lichtenberger Sommer 2018"]
[Site "?"]
[Date "2018.08.21"]
[Round "4.42"]
[White "Birkholz, Axel"]
[Black "Joppien, Arne"]
[Result "1/2-1/2"]
[WhiteElo "1858"]
[BlackElo "1921"]
[PlyCount "43"]
[EventDate "2018.??.??"]
[WhiteTeam "SR Spaichingen"]
[BlackTeam "TSV Cadenberge"]

1. e4 c6 2. d4 d5 3. e5 Bf5 4. Nf3 e6 5. Be2 c5 6. Be3 Qb6 7. Nc3 Qxb2 8. Qb1
Qxb1+ 9. Rxb1 b6 10. dxc5 Bxc5 11. Bxc5 bxc5 12. Nb5 Kd7 13. Nd6 Nh6 14. Rb7+
Kd8 15. Ng5 Rf8 16. O-O a6 17. g4 Bxc2 18. Ngxf7+ Nxf7 19. Nxf7+ Kc8 20. Nd6+
Kd8 21. Nf7+ Kc8 22. Nd6+ 1/2-1/2

[Event "Lichtenberger Sommer 2018"]
[Site "?"]
[Date "2018.08.21"]
[Round "4.43"]
[White "Verbitsky, Jaroslaw"]
[Black "Baranowsky, Peter"]
[Result "1-0"]
[WhiteElo "1845"]
[BlackElo "1848"]
[PlyCount "81"]
[EventDate "2018.??.??"]
[WhiteTeam "SV Mattnetz Berlin"]
[BlackTeam "SF 1903 Berlin"]

1. d4 d5 2. c4 e6 3. Nc3 c6 4. Nf3 Nd7 5. e3 Ngf6 6. b3 Bb4 7. Bd2 O-O 8. a3
Bd6 9. Bd3 e5 10. dxe5 Nxe5 11. Nxe5 Bxe5 12. Ra2 Re8 13. Qc2 Bd7 14. Ne2 Rc8
15. Bc3 dxc4 16. bxc4 c5 17. Bxe5 Rxe5 18. O-O Qe8 19. Nc3 Bc6 20. Re1 Rd8 21.
e4 Qd7 22. Rd1 Qe8 23. f4 Rxe4 24. Bxe4 Rxd1+ 25. Qxd1 Nxe4 26. Nxe4 Qxe4 27.
Re2 Qd4+ 28. Qxd4 cxd4 29. Rd2 f5 30. Rxd4 Kf7 31. g3 Kf6 32. Kf2 Ke6 33. Rd8
Ke7 34. Rh8 h6 35. Ra8 a6 36. Rg8 Kf7 37. Rc8 Kf6 38. Ke3 g5 39. Kd4 gxf4 40.
gxf4 h5 41. Rxc6+ 1-0

[Event "Lichtenberger Sommer 2018"]
[Site "?"]
[Date "2018.08.21"]
[Round "4.44"]
[White "Schwager, Thomas"]
[Black "Jaeger, Andre"]
[Result "0-1"]
[WhiteElo "1628"]
[BlackElo "1974"]
[PlyCount "114"]
[EventDate "2018.??.??"]
[WhiteTeam "SC Friesen Lichtenberg"]
[BlackTeam "SC Rochade (Berlin)"]

1. d4 Nf6 2. Bf4 d6 3. e3 g6 4. Be2 Nbd7 5. Nf3 Nh5 6. Bg5 h6 7. Bh4 g5 8. Nfd2
Ng7 9. Bg3 Nf5 10. Bh5 Nxg3 11. hxg3 Nf6 12. Bf3 Bg7 13. Ne4 Nxe4 14. Bxe4 d5
15. Bf3 c6 16. c3 Qb6 17. Qb3 Bf5 18. Nd2 e5 19. g4 Be6 20. dxe5 Qc7 21. Qc2
Bxe5 22. Nb3 c5 23. O-O-O O-O-O 24. Rd2 Rd7 25. Qd1 d4 26. cxd4 cxd4+ 27. Rc2
Bc4 28. Nxd4 Bxd4 29. exd4 Qf4+ 30. Kb1 Rxd4 31. Qc1 Kb8 32. b3 Bd3 33. Qxf4+
Rxf4 34. Kb2 Bxc2 35. Kxc2 Rc8+ 36. Kb2 Rf6 37. a3 Rd8 38. Kc2 Rfd6 39. Be4
Rd2+ 40. Kc3 Rxf2 41. Rxh6 Kc7 42. Rh5 Re2 43. Bf5 f6 44. Rh7+ Kb6 45. Rf7 Rd6
46. a4 a5 47. Rh7 Rxg2 48. Rxb7+ Kxb7 49. Be4+ Kb6 50. Bxg2 Kc5 51. Be4 Rd4 52.
Bf5 Rf4 53. Be6 Rf3+ 54. Kc2 Kb4 55. Kb2 Rf2+ 56. Kc1 Kc3 57. Bc4 Rg2 0-1

[Event "Lichtenberger Sommer 2018"]
[Site "?"]
[Date "2018.08.21"]
[Round "4.45"]
[White "Badestein, Hartmut"]
[Black "Karyah, Thomas"]
[Result "1-0"]
[WhiteElo "2025"]
[BlackElo "1775"]
[PlyCount "105"]
[EventDate "2018.??.??"]
[WhiteTeam "SC Friesen Lichtenberg"]
[BlackTeam "SC Zugzwang 95 (Berlin)"]

1. d4 Nf6 2. Nf3 g6 3. Bf4 d6 4. e3 Bg7 5. h3 Bf5 6. c3 c6 7. Nbd2 a5 8. a4 O-O
9. Nh4 Bd7 10. Nhf3 Re8 11. Qb3 b6 12. Bc4 d5 13. Bd3 Be6 14. Ng5 Nbd7 15. Nxe6
fxe6 16. Nf3 c5 17. Bb5 c4 18. Qc2 Ne4 19. b3 cxb3 20. Qxb3 Rc8 21. Rc1 Rf8 22.
O-O h6 23. Rc2 Rf7 24. Bxd7 Qxd7 25. Ne5 Bxe5 26. Bxe5 Qc6 27. f3 Nd6 28. Bxd6
exd6 29. Rb1 Rb7 30. Qa3 e5 31. Rb5 exd4 32. exd4 Re8 33. Qa2 Rbe7 34. Qxd5+
Qxd5 35. Rxd5 Re1+ 36. Kf2 Ra1 37. Rxd6 Rxa4 38. Rxg6+ Kh7 39. Rxb6 Ra8 40. c4
Rb4 41. Rxb4 axb4 42. Rb2 Ra4 43. Ke3 Kg6 44. Ke4 Kf6 45. c5 Ke6 46. d5+ Kf6
47. Rb3 h5 48. h4 Ra5 49. Rxb4 Rxc5 50. Rb6+ Ke7 51. Ke5 Rc4 52. Rb7+ Kd8 53.
Kd6 1-0

[Event "Lichtenberger Sommer 2018"]
[Site "?"]
[Date "2018.08.21"]
[Round "4.46"]
[White "Kreuchauf, Olaf"]
[Black "Syre, Christian"]
[Result "0-1"]
[WhiteElo "1674"]
[BlackElo "2184"]
[PlyCount "110"]
[EventDate "2018.??.??"]
[WhiteTeam "SC Eintracht Berlin"]
[BlackTeam "TSG Oberschöneweide"]

1. c4 g6 2. e4 Bg7 3. d4 d6 4. Nc3 e5 5. d5 Nd7 6. Bd3 Nc5 7. Bc2 a5 8. h3 Bd7
9. Nge2 h5 10. b3 h4 11. Rb1 Bh6 12. a3 Bxc1 13. Qxc1 Nf6 14. b4 Na6 15. Qe3
axb4 16. axb4 c5 17. bxc5 Nxc5 18. O-O Nh5 19. f4 Qe7 20. fxe5 Qxe5 21. Nd4 Ng3
22. Rfe1 Ra3 23. Qd2 O-O 24. Ncb5 Bxb5 25. Nxb5 Ra2 26. Nc3 Ngxe4 27. Nxe4 Nxe4
28. Qe3 Nc5 29. Qxe5 dxe5 30. Bd1 e4 31. Re2 Ra3 32. Rc2 Rc8 33. Be2 f5 34.
Rcb2 Kf7 35. Kf1 Ra6 36. Ke1 Kf6 37. Rb6+ Ke5 38. Kd2 g5 39. Kc2 Rxb6 40. Rxb6
Ra8 41. Bf1 Ra1 42. Be2 Rg1 43. Bd1 Rxg2+ 44. Kc3 g4 45. hxg4 fxg4 46. Rh6 h3
47. Rh5+ Kf4 48. d6 Rg3+ 49. Kb4 Na6+ 50. Ka5 Rd3 51. Rd5 Rxd5+ 52. cxd5 Nb8
53. Kb6 h2 54. Kxb7 h1=Q 55. Kxb8 Qxd1 0-1

[Event "Lichtenberger Sommer 2018"]
[Site "?"]
[Date "2018.08.21"]
[Round "4.48"]
[White "Junge, Wolfgang"]
[Black "Meister, Alexander"]
[Result "0-1"]
[WhiteElo "1829"]
[BlackElo "1962"]
[PlyCount "128"]
[EventDate "2018.??.??"]
[WhiteTeam "SC Friesen Lichtenberg"]
[BlackTeam "vereinslos"]

1. d4 d5 2. c4 e6 3. Nc3 Nf6 4. Bg5 Nbd7 5. e3 c6 6. Nf3 Qa5 7. Bxf6 Nxf6 8.
Qa4 Qxa4 9. Nxa4 dxc4 10. Nc3 b5 11. Be2 Nd5 12. O-O f6 13. Rfc1 Bd7 14. Ne4
Be7 15. Ned2 Kf7 16. e4 Nb6 17. b3 cxb3 18. Nxb3 a5 19. Nbd2 Na4 20. Bd1 Ba3
21. Rc2 g5 22. Rb1 Rhc8 23. Rb3 Be7 24. Be2 Nb6 25. Ne1 b4 26. Nd3 Na4 27. Nc4
Rcb8 28. Ne3 Nc3 29. Bh5+ Kg7 30. Rbb2 Nxe4 31. Bf3 Nc3 32. Nc4 Nd5 33. g3 Nc3
34. Kg2 Nb5 35. Nc5 Bxc5 36. dxc5 Nd4 37. Rd2 e5 38. Nb6 Rxb6 39. cxb6 Rb8 40.
a3 Rxb6 41. axb4 axb4 42. Bd1 Be6 43. f4 Bd5+ 44. Kf2 gxf4 45. gxf4 c5 46. fxe5
fxe5 47. Ke1 c4 48. Rf2 b3 49. Kd2 Nb5 50. Kc1 Rg6 51. Rbd2 Nd4 52. Kb2 Rf6 53.
Kc3 Rb6 54. Kb2 Be4 55. Be2 Bd5 56. Bd1 Re6 57. Kc3 Rf6 58. Kb2 Rxf2 59. Rxf2
Nb5 60. Bxb3 cxb3 61. Rf5 Nd6 62. Rg5+ Kf6 63. Rg3 e4 64. Rc3 Ke5 0-1